| 000 | 00000nam##2200000za#4500 |
| 001 | 9.690544 |
| 003 | CaOODSP |
| 005 | 20210624232356 |
| 007 | cr ||||||||||| |
| 008 | 150407|2007||||xxc|||||o f|0| 0 eng|d |
| 020 | |a978-0-662-47541-5 |
| 040 | |aCaOODSP|beng |
| 043 | |an-cn--- |
| 086 | 1 |aSG5-15/2007E-PDF |
| 110 | 1 |aCanada. |bService Canada. |
| 245 | 10|aFollow-up audit - employment insurance segregation of duties |h[electronic resource] |
| 260 | |aOttawa - Ontario : |bService Canada |cNovember 2007. |
| 300 | |a33p.|btables |
| 500 | |a"Project Number: 06606/06-07" |
| 590 | |a13-10-Supp|b2013-04-13 |
| 690 | 07|aEmployment insurance|2gcpds |
| 775 | 08|tVérification de suivi - répartition des tâches liées à l'assurance-emploi |w(CaOODSP)9.634899 |
| 856 | 40|ahttp://publications.gc.ca|qPDF|s277.2 KB|uhttps://publications.gc.ca/collections/collection_2013/servcan/SG5-15-2007-eng.pdf |